[Event "Barcelona Sants op-B 19th"]
[Site "Barcelona"]
[Date "2017.08.24"]
[Round "7"]
[White "Casset Bello, Elena"]
[Black "Petit Montes, Marc"]
[Result "1/2-1/2"]
[WhiteElo "1936"]
[BlackElo "1948"]
[PlyCount "118"]
[EventDate "2017.08.18"]
[EventType "swiss"]
[EventRounds "10"]
[EventCountry "ESP"]
[SourceTitle "EXT 2024"]
[Source "ChessBase"]
[SourceDate "2023.10.10"]
[SourceVersion "1"]
[SourceVersionDate "2023.10.10"]
[SourceQuality "1"]

1. d4 d5 2. c4 c6 3. Nf3 Nf6 4. e3 Bf5 5. Bd3 Bxd3 6. Qxd3 e6 7. 0-0 Bd6 8. Nbd2 Nbd7 9. e4 dxe4 10. Nxe4 Nxe4 11. Qxe4 Nf6 12. Qe2 0-0 13. Bg5 h6 14. Bh4 Be7 15. Rfd1 Re8 16. Rac1 Nh5 17. Bxe7 Qxe7 18. Qe5 Nf6 19. a3 Rad8 20. h3 Qd6 21. Kf1 Kf8 22. Qxd6+ Rxd6 23. Ke2 Red8 24. b4 R6d7 25. Ke3 Rc7 26. a4 Rdc8 27. a5 b5 28. axb6 axb6 29. Ra1 b5 30. Rdc1 Rb7 31. Ra6 bxc4 32. Rxc4 Nd5+ 33. Ke4 Nxb4 34. Ra4 Nd5 35. Ra6 Rbc7 36. Ne5 Ne7 37. Rc5 f6 38. Nd3 Rb8 39. Rc4 Kf7 40. Nb4 Rbc8 41. Rc5 Ke8 42. g3 Kd7 43. f4 Nd5 44. Nd3 Rb8 45. g4 g6 46. h4 f5+ 47. gxf5 exf5+ 48. Kf3 Rb3 49. Ke2 Rxd3 50. Rxd5+ cxd5 51. Kxd3 Rc6 52. Ra7+ Ke6 53. Rg7 Kf6 54. Rd7 Ke6 55. Rg7 Kf6 56. Rd7 Ke6 57. Rg7 Kf6 58. Rd7 Re6 59. Rxd5 Re4 1/2-1/2

[Event "Barcelona Sants op-B 19th"]
[Site "Barcelona"]
[Date "2017.08.23"]
[Round "6"]
[White "Alonso Gomez, Raul"]
[Black "Casset Bello, Elena"]
[Result "0-1"]
[WhiteElo "1938"]
[BlackElo "1936"]
[PlyCount "66"]
[EventDate "2017.08.18"]
[EventType "swiss"]
[EventRounds "10"]
[EventCountry "ESP"]
[SourceTitle "EXT 2024"]
[Source "ChessBase"]
[SourceDate "2023.10.10"]
[SourceVersion "1"]
[SourceVersionDate "2023.10.10"]
[SourceQuality "1"]

1. b3 d5 2. Nf3 Nf6 3. Bb2 e6 4. e3 Be7 5. c4 0-0 6. cxd5 exd5 7. Be2 c5 8. 0-0 Nc6 9. d4 Bg4 10. Nbd2 Re8 11. Rc1 cxd4 12. Nxd4 Bd7 13. N2f3 Nxd4 14. Nxd4 a6 15. Bf3 Ne4 16. Qc2 Rc8 17. Qd3 Rxc1 18. Rxc1 Bd6 19. g3 Qf6 20. Rc2 Qh6 21. Ne2 Bf5 22. Qxd5 Nxg3 23. Rd2 Nxe2+ 24. Rxe2 Qxh2+ 25. Kf1 Bh3+ 26. Ke1 Bb4+ 27. Kd1 Qg1+ 28. Kc2 Rc8+ 29. Kd3 Qb1+ 30. Kd4 Qd1+ 31. Ke4 Qb1+ 32. Kf4 Qg6 33. Be4 Qg4+ 0-1

[Event "Catalunya-ch (Women)"]
[Site "Amposta"]
[Date "2017.04.16"]
[Round "4.1"]
[White "Martin Perez, Laura"]
[Black "Casset Bello, Elena"]
[Result "1/2-1/2"]
[WhiteElo "2069"]
[BlackElo "1911"]
[PlyCount "77"]
[EventDate "2017.04.14"]
[EventType "swiss"]
[EventRounds "5"]
[EventCountry "ESP"]
[SourceTitle "EXT 2024"]
[Source "ChessBase"]
[SourceDate "2023.10.10"]
[SourceVersion "1"]
[SourceVersionDate "2023.10.10"]
[SourceQuality "1"]

1. e4 e5 2. Nf3 Nc6 3. Bc4 Bc5 4. c3 Nf6 5. d3 h6 6. 0-0 d6 7. a4 a5 8. Na3 0-0 9. Nc2 Bb6 10. Be3 Bxe3 11. Nxe3 Ne7 12. Bb3 Ng6 13. h3 b6 14. Nh2 Bb7 15. Qf3 Nf4 16. Bc2 Re8 17. Rfe1 Qd7 18. Nf5 Qxf5 19. exf5 Bxf3 20. Nxf3 N4d5 21. Rad1 Ne7 22. d4 Nc6 23. dxe5 Nxe5 24. Nd4 Ned7 25. Nb5 Rxe1+ 26. Rxe1 Re8 27. Kf1 Rxe1+ 28. Kxe1 Ne8 29. Kd2 Kf8 30. f4 Ke7 31. Ke3 Nb8 32. g4 d5 33. Nd4 Nd6 34. b3 c5 35. Nf3 f6 36. h4 Nc6 37. Bd3 Kf7 38. h5 Kf8 39. Bc2 1/2-1/2

[Event "Catalunya-ch (Women)"]
[Site "Amposta"]
[Date "2017.04.14"]
[Round "1.4"]
[White "Casset Bello, Elena"]
[Black "Biosca Cid, Merce"]
[Result "1-0"]
[WhiteElo "1911"]
[BlackElo "1411"]
[PlyCount "107"]
[EventDate "2017.04.14"]
[EventType "swiss"]
[EventRounds "5"]
[EventCountry "ESP"]
[SourceTitle "EXT 2024"]
[Source "ChessBase"]
[SourceDate "2023.10.10"]
[SourceVersion "1"]
[SourceVersionDate "2023.10.10"]
[SourceQuality "1"]

1. d4 d5 2. Nf3 Nf6 3. c4 c6 4. e3 Bf5 5. Nc3 Nbd7 6. cxd5 cxd5 7. Qb3 Nb6 8. Bb5+ Bd7 9. Bxd7+ Qxd7 10. Ne5 Qd6 11. Bd2 a6 12. Rc1 e6 13. Na4 Nxa4 14. Qxb7 Rb8 15. Rc8+ Rxc8 16. Qxc8+ Qd8 17. Qc6+ Nd7 18. Qxa4 Bd6 19. Nxd7 Qxd7 20. Qxa6 0-0 21. 0-0 Rc8 22. Bc3 Rc4 23. Ra1 h6 24. g3 Qc7 25. a4 Bb4 26. Bxb4 Rxb4 27. Qe2 Qa5 28. Qc2 Qb6 29. Ra2 f5 30. a5 Qa6 31. b3 Rb5 32. Qc3 Kf7 33. b4 Ke8 34. Rc2 Qb7 35. Qc6+ Qxc6 36. Rxc6 Kd7 37. Ra6 g5 38. Ra7+ Kd6 39. Ra6+ Kd7 40. Ra7+ Kd6 41. Rh7 Rxb4 42. a6 Rb8 43. Rxh6 Ra8 44. h4 gxh4 45. gxh4 Rxa6 46. Rh7 Ra8 47. Kh2 Rg8 48. Kh3 Rg6 49. h5 Rf6 50. f4 Rf8 51. h6 Rg8 52. Rg7 Rh8 53. h7 e5 54. fxe5+ 1-0

[Event "Catalunya-ch (Women)"]
[Site "Amposta"]
[Date "2017.04.14"]
[Round "2.4"]
[White "Ventos Alfonso, Alba"]
[Black "Casset Bello, Elena"]
[Result "1/2-1/2"]
[WhiteElo "1782"]
[BlackElo "1911"]
[PlyCount "101"]
[EventDate "2017.04.14"]
[EventType "swiss"]
[EventRounds "5"]
[EventCountry "ESP"]
[SourceTitle "EXT 2024"]
[Source "ChessBase"]
[SourceDate "2023.10.10"]
[SourceVersion "1"]
[SourceVersionDate "2023.10.10"]
[SourceQuality "1"]

1. e4 e5 2. f4 exf4 3. Nf3 d5 4. exd5 Nf6 5. Bb5+ c6 6. dxc6 Nxc6 7. d4 Bd6 8. 0-0 0-0 9. Bxc6 bxc6 10. Nbd2 Bg4 11. Nc4 Bc7 12. Qd3 Re8 13. Nfe5 Be2 14. Qxe2 Qxd4+ 15. Qf2 Qxf2+ 16. Rxf2 Bxe5 17. Nxe5 Rxe5 18. Bxf4 Rb5 19. b3 Rb7 20. Re2 Nd5 21. Rae1 h6 22. Bd2 Rd8 23. c4 Nf6 24. Bc3 Rd3 25. Bxf6 gxf6 26. Re7 Rbd7 27. Rxd7 Rxd7 28. Kf2 Kg7 29. Ke2 Kg6 30. Rf1 Kg5 31. Rf3 f5 32. Rd3 Re7+ 33. Kf2 a5 34. Rd6 Re6 35. Rd7 f6 36. Kf3 a4 37. Rg7+ Kh5 38. Kf4 Re2 39. Kxf5 Rxa2 40. Rg3 Rf2+ 41. Ke6 axb3 42. Rxb3 Rxg2 43. Kxf6 Rxh2 44. Rb6 Kg4 45. Rxc6 h5 46. Ke5 h4 47. Rg6+ Kf3 48. c5 h3 49. Rf6+ Kg3 50. Rg6+ Kf3 51. Rf6+ 1/2-1/2

[Event "Llobregat Garcia Memorial 7th"]
[Site "Llobregat"]
[Date "2016.04.16"]
[Round "2"]
[White "Casset Bello, Elena"]
[Black "Garcia Gil, Jose Antonio"]
[Result "1-0"]
[WhiteElo "1916"]
[BlackElo "1655"]
[PlyCount "123"]
[EventDate "2016.04.09"]
[EventType "swiss"]
[EventRounds "9"]
[EventCountry "ESP"]
[SourceTitle "EXT 2017"]
[Source "ChessBase"]
[SourceDate "2016.10.25"]
[SourceVersion "1"]
[SourceVersionDate "2016.10.25"]
[SourceQuality "1"]

1. d4 c6 2. c4 d5 3. Nf3 Nf6 4. cxd5 cxd5 5. Nc3 Nc6 6. Bf4 Bf5 7. e3 e6 8. Qb3 Qb6 9. Bb5 Be7 10. Ne5 Rc8 11. Bxc6+ bxc6 12. Qxb6 axb6 13. Na4 Bd8 14. 0-0 Nd7 15. Rfc1 Nxe5 16. Bxe5 f6 17. Bg3 Kd7 18. Rc3 c5 19. dxc5 b5 20. Nb6+ Bxb6 21. cxb6 Rxc3 22. bxc3 Kc6 23. Bc7 Ra8 24. a3 Bd3 25. f3 Ra4 26. Kf2 Rc4 27. Ke1 Bg6 28. Kd2 Be8 29. Rb1 Ra4 30. Ra1 Rc4 31. Kc2 Kb7 32. Kb2 Ra4 33. Re1 Bc6 34. Rd1 f5 35. Rg1 h5 36. h3 g5 37. Rf1 g4 38. Rh1 Be8 39. hxg4 fxg4 40. fxg4 Rxg4 41. g3 Bg6 42. Rh4 Rg5 43. a4 Be8 44. axb5 Bxb5 45. Rb4 Ba6 46. Rd4 Bc4 47. Rh4 Bd3 48. Ka3 Be2 49. Kb4 Bg4 50. Kc5 Rg8 51. Rh1 Ra8 52. Rf1 Bf5 53. Kd6 Ra3 54. Rc1 Rb3 55. Ra1 Rxb6+ 56. Bxb6 Kxb6 57. Rh1 Bg4 58. Rb1+ Ka5 59. Rb4 Bf5 60. Rh4 Bg4 61. Rxg4 hxg4 62. Kxe6 1-0

[Event "Barcelona Catalunya op 26th"]
[Site "Barcelona"]
[Date "2014.09.27"]
[Round "1"]
[White "Solis Calancha, Jordi"]
[Black "Casset Bello, Elena"]
[Result "0-1"]
[WhiteElo "1810"]
[BlackElo "2042"]
[PlyCount "66"]
[EventDate "2014.09.27"]
[EventType "swiss"]
[EventRounds "9"]
[EventCountry "ESP"]
[SourceTitle "EXT 2017"]
[Source "ChessBase"]
[SourceDate "2016.10.25"]
[SourceVersion "1"]
[SourceVersionDate "2016.10.25"]
[SourceQuality "1"]

1. d4 d5 2. Bg5 c6 3. Nd2 Qb6 4. Nb3 Bf5 5. e3 h6 6. Bf4 Nf6 7. Bd3 Bxd3 8. Qxd3 e6 9. Nf3 Be7 10. 0-0 0-0 11. Ne5 Nbd7 12. c4 Nxe5 13. Bxe5 a5 14. Nd2 Rfd8 15. c5 Qa6 16. Qc2 Rdc8 17. f4 b6 18. f5 exf5 19. Qxf5 bxc5 20. dxc5 Qe2 21. Bxf6 Qxe3+ 22. Kh1 Bxf6 23. Nb3 a4 24. Rae1 Qg5 25. Nd4 Bxd4 26. Qxf7+ Kh7 27. Qd7 Qg6 28. Re6 Qd3 29. Rfe1 Rf8 30. h3 Rf1+ 31. Kh2 Rxe1 32. Rxe1 Bf2 33. Re7 Bg3+ 0-1

[Event "Barcelona Sants op 16th"]
[Site "Barcelona"]
[Date "2014.08.22"]
[Round "1"]
[White "Casset Bello, Elena"]
[Black "Piepho, Niels"]
[Result "0-1"]
[WhiteElo "1903"]
[BlackElo "2293"]
[PlyCount "78"]
[EventDate "2014.08.22"]
[EventType "swiss"]
[EventRounds "10"]
[EventCountry "ESP"]
[SourceTitle "CBM 162 Extra"]
[Source "ChessBase"]
[SourceDate "2014.10.17"]
[SourceVersion "1"]
[SourceVersionDate "2014.10.17"]
[SourceQuality "1"]

1. d4 g6 2. c4 Bg7 3. e4 d6 4. Nf3 Nf6 5. Nc3 0-0 6. Be2 Nc6 7. 0-0 e5 8. d5 Ne7 9. b4 Nh5 10. Re1 f5 11. Ng5 Nf6 12. Bf3 c6 13. Bb2 h6 14. Ne6 Bxe6 15. dxe6 Qc7 16. Qb3 Rfd8 17. Red1 a5 18. a3 Kh7 19. Rac1 axb4 20. axb4 fxe4 21. Nxe4 Nxe4 22. Bxe4 Rf8 23. Rc2 Rf6 24. b5 Rxe6 25. h4 Kh8 26. Ba3 Nf5 27. Bxf5 gxf5 28. Rcd2 Rd8 29. Qd3 Qf7 30. Qe2 Qf6 31. h5 Bf8 32. Bb2 Rde8 33. Rd3 Kh7 34. f4 exf4 35. Qd2 Qg5 36. Qc3 Re5 37. c5 Bg7 38. cxd6 R5e7 39. Qc2 Re2 0-1

[Event "Barcelona Llobregat op 5th"]
[Site "Barcelona"]
[Date "2014.05.24"]
[Round "7"]
[White "Pages Ruiz, Eduard"]
[Black "Casset Bello, Elena"]
[Result "1/2-1/2"]
[WhiteElo "2124"]
[BlackElo "2045"]
[PlyCount "107"]
[EventDate "2014.04.05"]
[EventType "swiss"]
[EventRounds "8"]
[EventCountry "ESP"]
[SourceTitle "CBM 160 Extra"]
[Source "ChessBase"]
[SourceDate "2014.07.01"]
[SourceVersion "1"]
[SourceVersionDate "2014.07.01"]
[SourceQuality "1"]

1. Nf3 d5 2. g3 Nf6 3. Bg2 e6 4. 0-0 Be7 5. d3 0-0 6. Nbd2 c5 7. e4 Nc6 8. c3 dxe4 9. dxe4 e5 10. Qc2 Qc7 11. Re1 b5 12. Nf1 h6 13. Ne3 Rd8 14. Nh4 Be6 15. Nef5 c4 16. Nxe7+ Qxe7 17. f4 Qd6 18. f5 Bc8 19. Be3 Bb7 20. Rad1 Qe7 21. Bf3 Rxd1 22. Rxd1 Rd8 23. Ng2 Rxd1+ 24. Qxd1 Nd7 25. Qd2 Nf6 26. g4 Qd7 27. Qc1 Qd3 28. Ne1 Qd6 29. h4 Nh7 30. g5 hxg5 31. hxg5 a6 32. Qc2 Nb8 33. Qg2 f6 34. g6 Nf8 35. Qf2 Nbd7 36. Nc2 a5 37. b4 a4 38. Ne1 Bc6 39. Bd2 Bb7 40. a3 Bc6 41. Qe2 Nb6 42. Be3 Nbd7 43. Bf2 Bb7 44. Nc2 Bc6 45. Ne3 Nb6 46. Nd5 Nbd7 47. Be3 Bb7 48. Qf2 Bc6 49. Nb6 Nxb6 50. Bxb6 Nd7 51. Ba7 Qd3 52. Qg2 Qxc3 53. Qh3 Qe1+ 54. Kh2 1/2-1/2

[Event "Barcelona Llobregat op 5th"]
[Site "Barcelona"]
[Date "2014.05.17"]
[Round "6"]
[White "Casset Bello, Elena"]
[Black "Cervello Tost, Roger"]
[Result "1/2-1/2"]
[WhiteElo "2045"]
[BlackElo "2098"]
[PlyCount "76"]
[EventDate "2014.04.05"]
[EventType "swiss"]
[EventRounds "8"]
[EventCountry "ESP"]
[SourceTitle "CBM 160 Extra"]
[Source "ChessBase"]
[SourceDate "2014.07.01"]
[SourceVersion "1"]
[SourceVersionDate "2014.07.01"]
[SourceQuality "1"]

1. d4 d5 2. c4 e6 3. cxd5 exd5 4. Nc3 Nf6 5. Bg5 c6 6. e3 Be7 7. Bd3 Nbd7 8. Qc2 0-0 9. Nf3 Re8 10. 0-0 Nf8 11. Rae1 Be6 12. Ne5 N6d7 13. Bxe7 Qxe7 14. f4 f6 15. Nf3 Qd6 16. f5 Bf7 17. e4 a6 18. exd5 cxd5 19. Qd2 b5 20. Rxe8 Rxe8 21. Re1 Nb6 22. b3 Qb4 23. Rxe8 Bxe8 24. Ne2 Qxd2 25. Nxd2 Nfd7 26. Nf4 Bf7 27. Kf2 Kf8 28. Ke3 Ke7 29. g4 Nb8 30. Nf1 Nc6 31. h4 Nb4 32. Bb1 Nc8 33. Ng3 Nd6 34. Ngh5 Ne8 35. Kd2 Nc6 36. Kc3 Kd6 37. Ng3 Ke7 38. Nd3 a5 1/2-1/2

[Event "Barcelona Llobregat op 5th"]
[Site "Barcelona"]
[Date "2014.05.03"]
[Round "4"]
[White "Casset Bello, Elena"]
[Black "Shatko, Danil"]
[Result "1/2-1/2"]
[WhiteElo "2045"]
[BlackElo "2271"]
[PlyCount "110"]
[EventDate "2014.04.05"]
[EventType "swiss"]
[EventRounds "8"]
[EventCountry "ESP"]
[SourceTitle "CBM 160 Extra"]
[Source "ChessBase"]
[SourceDate "2014.07.01"]
[SourceVersion "1"]
[SourceVersionDate "2014.07.01"]
[SourceQuality "1"]

1. d4 Nf6 2. c4 e5 3. dxe5 Ng4 4. Bf4 Nc6 5. Nf3 Bb4+ 6. Nbd2 Qe7 7. e3 Ngxe5 8. Nxe5 Nxe5 9. a3 Bxd2+ 10. Qxd2 d6 11. Be2 0-0 12. 0-0 b6 13. Qc3 Bb7 14. b4 Rfe8 15. Rfd1 Ng6 16. Bg3 Nh4 17. Bxh4 Qxh4 18. Rd4 Qg5 19. Rg4 Qe5 20. Qxe5 Rxe5 21. Rd4 a5 22. b5 Rae8 23. Bf3 Bxf3 24. gxf3 Rg5+ 25. Kh1 Rf5 26. f4 Rc5 27. Rc1 f5 28. Rd5 Kf7 29. Kg2 Ke6 30. Rxc5 bxc5 31. Rd1 Rd8 32. Rd5 c6 33. bxc6 Rc8 34. Rd3 Rxc6 35. Rb3 d5 36. Kf3 dxc4 37. Rb5 Kd5 38. Ke2 a4 39. Rb8 c3 40. Kd3 c2 41. Kxc2 Rh6 42. Ra8 Rxh2 43. Rxa4 Rxf2+ 44. Kd3 Ra2 45. Ra7 h5 46. Rd7+ Kc6 47. Rxg7 Rxa3+ 48. Kc4 Rxe3 49. Rg6+ Kd7 50. Rh6 Re4+ 51. Kxc5 Rxf4 52. Kd5 Ra4 53. Rh7+ Ke8 54. Ke6 Kf8 55. Kxf5 h4 1/2-1/2

[Event "Catalunya-ch (Women) 72nd"]
[Site "Barcelona"]
[Date "2014.04.21"]
[Round "6"]
[White "Casset Bello, Elena"]
[Black "Ruiz Font, Elisabet"]
[Result "0-1"]
[WhiteElo "2045"]
[BlackElo "2194"]
[PlyCount "60"]
[EventDate "2014.04.18"]
[EventType "swiss"]
[EventRounds "6"]
[EventCountry "ESP"]
[SourceTitle "EXT 2016"]
[Source "ChessBase"]
[SourceDate "2015.10.08"]
[SourceVersion "1"]
[SourceVersionDate "2015.10.08"]
[SourceQuality "1"]

1. d4 Nf6 2. c4 g6 3. Nc3 Bg7 4. e4 d6 5. Nf3 0-0 6. Be2 Nbd7 7. 0-0 e5 8. Re1 c6 9. d5 cxd5 10. cxd5 Nc5 11. Bg5 h6 12. Bxf6 Qxf6 13. b4 Nd7 14. Nd2 h5 15. Nc4 a6 16. a4 b6 17. a5 b5 18. Na3 Bh6 19. Naxb5 axb5 20. Bxb5 Bf4 21. Bc6 Rb8 22. b5 Nc5 23. a6 Bg4 24. f3 Qh4 25. g3 Bxg3 26. hxg3 Qxg3+ 27. Kf1 Bxf3 28. Qd2 f5 29. a7 Qh3+ 30. Kg1 Qh1+ 0-1

[Event "Catalunya-ch (Women) 72nd"]
[Site "Barcelona"]
[Date "2014.04.20"]
[Round "5"]
[White "Marin Benito, Carla"]
[Black "Casset Bello, Elena"]
[Result "1/2-1/2"]
[WhiteElo "2035"]
[BlackElo "2045"]
[PlyCount "63"]
[EventDate "2014.04.18"]
[EventType "swiss"]
[EventRounds "6"]
[EventCountry "ESP"]
[SourceTitle "EXT 2016"]
[Source "ChessBase"]
[SourceDate "2015.10.08"]
[SourceVersion "1"]
[SourceVersionDate "2015.10.08"]
[SourceQuality "1"]

1. e4 e5 2. Nc3 Nc6 3. g3 Nf6 4. Bg2 Bc5 5. d3 a6 6. h3 d6 7. Nge2 h6 8. 0-0 0-0 9. Kh2 Nd4 10. f4 c6 11. Nxd4 Bxd4 12. Ne2 Ba7 13. Qe1 Qe7 14. g4 Nh7 15. Qg3 exf4 16. Bxf4 Bb8 17. Nd4 g5 18. Nf5 Bxf5 19. gxf5 Kh8 20. Bd2 d5 21. Bc3+ f6 22. e5 Bxe5 23. Bxe5 Qxe5 24. Rae1 Qxg3+ 25. Kxg3 Rfe8 26. Bf3 Rad8 27. Bh5 Rxe1 28. Rxe1 Rd7 29. Be8 Rc7 30. Bg6 Kg7 31. d4 Nf8 32. Be8 1/2-1/2

[Event "Barcelona Sant Marti op-B 15th"]
[Site "Barcelona"]
[Date "2013.07.18"]
[Round "6"]
[White "Casset Bello, Elena"]
[Black "Delgado Lozano, Ignacio Maria"]
[Result "1/2-1/2"]
[WhiteElo "1908"]
[BlackElo "1765"]
[PlyCount "42"]
[EventDate "2013.07.13"]
[EventType "swiss"]
[EventRounds "9"]
[EventCountry "ESP"]
[SourceTitle "CBM 155 Extra"]
[Source "ChessBase"]
[SourceDate "2013.08.26"]
[SourceVersion "1"]
[SourceVersionDate "2013.08.26"]
[SourceQuality "1"]

1. d4 d5 2. c4 c6 3. Nf3 Nf6 4. cxd5 cxd5 5. Nc3 Nc6 6. Bf4 g6 7. e3 Bg7 8. Bd3 0-0 9. 0-0 Nh5 10. Bg3 Nxg3 11. hxg3 e5 12. dxe5 Nxe5 13. Nxe5 Bxe5 14. Rc1 Be6 15. Qe2 Qe7 16. a3 Rac8 17. Nb5 a6 18. Nd4 Rxc1 19. Rxc1 Rc8 20. Rxc8+ Bxc8 21. Qc2 Qc7 1/2-1/2

[Event "Hospitalet op 4th"]
[Site "Hospitalet"]
[Date "2013.04.27"]
[Round "4"]
[White "Casset Bello, Elena"]
[Black "Sanz Bastos, Fernando"]
[Result "0-1"]
[WhiteElo "1905"]
[BlackElo "1953"]
[PlyCount "68"]
[EventDate "2013.04.06"]
[EventType "swiss"]
[EventRounds "8"]
[EventCountry "ESP"]
[SourceTitle "EXT 2014"]
[Source "ChessBase"]
[SourceDate "2013.11.20"]
[SourceVersion "1"]
[SourceVersionDate "2013.11.20"]
[SourceQuality "1"]

1. d4 e6 2. c4 f5 3. Nf3 Nf6 4. g3 Be7 5. Bg2 d6 6. 0-0 0-0 7. Nc3 Qe8 8. Bf4 Qh5 9. c5 Na6 10. cxd6 cxd6 11. Qb3 Nc7 12. Rac1 Nfd5 13. Bd2 Kh8 14. Nxd5 Nxd5 15. Rce1 Nf6 16. Rc1 Ne4 17. Bb4 Rf6 18. Rc2 b6 19. Rfc1 Bb7 20. Rc7 Bd5 21. Qa4 Bf8 22. Rxa7 Rxa7 23. Qxa7 g5 24. Rc8 f4 25. Qb8 Kg8 26. a4 g4 27. Ne5 fxg3 28. fxg3 Qf5 29. Nd3 Kg7 30. Rc7+ Kh6 31. Rc1 Qg5 32. Rf1 Qe3+ 33. Kh1 Rxf1+ 34. Bxf1 Nxg3# 0-1

[Event "Barcelona Sant Marti op-B 14th"]
[Site "Barcelona"]
[Date "2012.07.21"]
[Round "9"]
[White "Casset Bello, Elena"]
[Black "Castrillo Mansego, Pablo"]
[Result "0-1"]
[WhiteElo "1920"]
[BlackElo "1969"]
[PlyCount "112"]
[EventDate "2012.07.13"]
[EventType "swiss"]
[EventRounds "9"]
[EventCountry "ESP"]
[SourceTitle "CBM 149 Extra"]
[Source "ChessBase"]
[SourceDate "2012.08.24"]
[SourceVersion "1"]
[SourceVersionDate "2012.08.24"]
[SourceQuality "1"]

1. d4 Nf6 2. c4 e6 3. Nc3 b6 4. Nf3 Bb7 5. e3 Be7 6. Bd3 d6 7. 0-0 Nbd7 8. Qe2 e5 9. e4 0-0 10. d5 Nc5 11. Bc2 a5 12. b3 Bc8 13. a3 Bg4 14. h3 Bh5 15. Bd2 Ne8 16. b4 Nb7 17. Qd3 Bg6 18. Rfb1 f5 19. Qe2 f4 20. Ba4 Rb8 21. Bc6 axb4 22. axb4 Qc8 23. Ra7 Nd8 24. Rba1 Bh5 25. Be1 g5 26. Bxe8 Rxe8 27. Nb5 Nb7 28. Bc3 Bf6 29. Qd3 g4 30. hxg4 Bxg4 31. Nh2 Bd7 32. Qf3 Re7 33. Bb2 Rg7 34. Kf1 Kh8 35. R1a3 Bxb5 36. cxb5 Qd7 37. Qd3 Qf7 38. Qf3 Qg6 39. Ra8 Rbg8 40. Rxg8+ Kxg8 41. Ra8+ Nd8 42. Bc3 h5 43. Ra1 Nf7 44. Re1 Ng5 45. Qd3 Be7 46. Bd2 Nf7 47. Qf3 Nh6 48. Bc3 Ng4 49. Nxg4 hxg4 50. Qd3 Rf7 51. f3 Rh7 52. Ke2 Rh2 53. Rg1 Qh5 54. Kd2 gxf3 55. Kc2 Rxg2+ 56. Rxg2+ fxg2 0-1

[Event "Barcelona Barri Gotic op 1st"]
[Site "Barcelona"]
[Date "2012.06.18"]
[Round "8.9"]
[White "Schneider Ristol, Alejandro"]
[Black "Casset Bello, Elena"]
[Result "1-0"]
[WhiteElo "1985"]
[BlackElo "1910"]
[PlyCount "131"]
[EventDate "2012.04.23"]
[EventType "swiss"]
[EventRounds "8"]
[EventCountry "ESP"]
[SourceTitle "EXT 2024"]
[Source "ChessBase"]
[SourceDate "2023.10.10"]
[SourceVersion "1"]
[SourceVersionDate "2023.10.10"]
[SourceQuality "1"]

1. e4 e5 2. Nf3 Nc6 3. Bb5 a6 4. Bxc6 dxc6 5. 0-0 f6 6. d4 Bg4 7. dxe5 Qxd1 8. Rxd1 fxe5 9. Rd3 Bd6 10. Nbd2 Nf6 11. Nc4 0-0 12. Nfxe5 Be2 13. Rd2 Bxc4 14. Nxc4 Nxe4 15. Re2 Nf6 16. Be3 Ng4 17. h3 Nxe3 18. Nxe3 Bc5 19. g3 Rad8 20. Rae1 Rf3 21. Kg2 Rdf8 22. Rd1 b5 23. Rdd2 g6 24. Ng4 Bd6 25. Ne5 Bxe5 26. Rxe5 Kg7 27. Re6 R3f6 28. Rxf6 Rxf6 29. Rd7+ Kh6 30. Rxc7 g5 31. b4 Rd6 32. a3 Kg6 33. Kf3 h5 34. Ke4 g4 35. hxg4 hxg4 36. Ke5 Rf6 37. Kd4 Rxf2 38. Rxc6+ Kg5 39. Rc3 Rf7 40. Re3 Rf6 41. Kc3 Rf3 42. Rd3 Rf6 43. Rd5+ Kg6 44. Kb3 Rc6 45. Rc5 Rf6 46. Rc3 Rf3 47. Rd3 Kf5 48. a4 Ke4 49. axb5 axb5 50. Kc3 Re3 51. Kd2 Rf3 52. Rxf3 Kxf3 53. c4 bxc4 54. b5 Kxg3 55. b6 Kf2 56. b7 g3 57. b8Q c3+ 58. Kxc3 g2 59. Qh2 Kf1 60. Qf4+ Ke1 61. Qg3+ Kf1 62. Qf3+ Kg1 63. Kd2 Kh2 64. Qf2 Kh1 65. Qh4+ Kg1 66. Ke3 1-0

[Event "Montseny op 3rd"]
[Site "Montseny"]
[Date "2012.06.02"]
[Round "8"]
[White "Casset Bello, Elena"]
[Black "Mut Company, Guillem Joan"]
[Result "1/2-1/2"]
[WhiteElo "1910"]
[BlackElo "1875"]
[PlyCount "100"]
[EventDate "2012.04.14"]
[EventType "swiss"]
[EventRounds "8"]
[EventCountry "ESP"]
[SourceTitle "CBM 148 Extra"]
[Source "ChessBase"]
[SourceDate "2012.06.22"]
[SourceVersion "1"]
[SourceVersionDate "2012.06.22"]
[SourceQuality "1"]

1. d4 Nf6 2. c4 e6 3. Nc3 Bb4 4. Qc2 0-0 5. a3 Bxc3+ 6. Qxc3 d5 7. e3 b6 8. Nf3 Nbd7 9. Be2 Bb7 10. b3 Rc8 11. 0-0 c5 12. Bb2 cxd4 13. exd4 Ne4 14. Qe3 f5 15. Ne5 Nxe5 16. dxe5 f4 17. Qd3 Qh4 18. Rad1 dxc4 19. bxc4 Nc5 20. Qc3 f3 21. Bxf3 Bxf3 22. gxf3 Na4 23. Qb3 Nxb2 24. Qxb2 Rxf3 25. Rd4 Rf4 26. Rxf4 Qxf4 27. Rc1 Rd8 28. Qc3 Rd4 29. c5 bxc5 30. Qxc5 Qg4+ 31. Kf1 Rd1+ 32. Rxd1 Qxd1+ 33. Kg2 Qd5+ 34. Qxd5 exd5 35. Kf3 Kf7 36. Ke3 Ke6 37. f4 g5 38. fxg5 Kxe5 39. a4 d4+ 40. Kd3 Kf4 41. Kxd4 Kxg5 42. a5 Kg4 43. Kc5 Kh3 44. Kb5 h5 45. Ka6 h4 46. Kxa7 Kxh2 47. a6 Kg1 48. Kb8 h3 49. a7 h2 50. a8Q h1Q 1/2-1/2

[Event "Montseny op 3rd"]
[Site "Montseny"]
[Date "2012.05.12"]
[Round "5"]
[White "Subirachs Mancebo, Guillem"]
[Black "Casset Bello, Elena"]
[Result "1-0"]
[WhiteElo "2104"]
[BlackElo "1910"]
[PlyCount "87"]
[EventDate "2012.04.14"]
[EventType "swiss"]
[EventRounds "8"]
[EventCountry "ESP"]
[SourceTitle "CBM 148 Extra"]
[Source "ChessBase"]
[SourceDate "2012.06.22"]
[SourceVersion "1"]
[SourceVersionDate "2012.06.22"]
[SourceQuality "1"]

1. e4 e5 2. Nf3 Nc6 3. d4 exd4 4. Nxd4 Bc5 5. Nb3 Bb4+ 6. Bd2 Nf6 7. Bd3 0-0 8. 0-0 Bxd2 9. N1xd2 d5 10. exd5 Nb4 11. Ne4 Nbxd5 12. Qf3 Bg4 13. Nxf6+ Nxf6 14. Qxb7 Qd6 15. Qa6 Qe5 16. Qa5 Qf4 17. Rfe1 Be6 18. Qe5 Qxe5 19. Rxe5 Nd7 20. Ree1 Rab8 21. Rad1 Rb4 22. Bf1 Nf6 23. Rd4 Rfb8 24. Red1 Kf8 25. Rxb4 Rxb4 26. Rd4 Rb6 27. Bc4 Bf5 28. Rd2 Ne4 29. Rd1 Nd6 30. Bd3 Be6 31. f4 Ke7 32. Re1 Kf6 33. h3 Bf5 34. Bxf5 Nxf5 35. g4 Nd6 36. h4 Nc4 37. Nc5 Rxb2 38. Nd7+ Kg6 39. f5+ Kh6 40. Re2 Rxa2 41. Kf2 Nb6 42. Ne5 g6 43. f6 g5 44. h5 1-0